Score 0/21 Timer 03:00
0 Plays Today
Movie Missing Word % Correct
Ocean's _____Eleven
96.9%
O Brother, _____ Art Thou?Where
95.6%
_____ & RobinBatman
95.1%
Up in the _____Air
89.3%
The _____ of MarchIdes
88.5%
_____ ThirteenOcean's
87.9%
The _____ StormPerfect
87.5%
Good _____, and Good LuckNight
87.1%
The _____ Red LineThin
85.3%
The Men Who Stare at _____Goats
81.5%
Burn After _____Reading
81%
Movie Missing Word % Correct
Return of the _____ TomatoesKiller
77.4%
_____ Mr. FoxFantastic
71.9%
_____ ClaytonMichael
63.7%
South Park: Bigger, _____, & UncutLonger
62.3%
_____ of a Dangerous MindConfessions
46.8%
Out of _____Sight
45.5%
Spy Kids _____: Game Over3-D
27.7%
Return to Horror _____High
18.1%
The _____Descendants
13.3%
_____ AgeUnbecoming
2.4%

Today's Daily Dose

Missing Word
'T' Pairs

Word Ladder
Game Pieces

Get the Picture
Baseball Movies

Remove Ads.
Support Sporcle.
Get the best of Sporcle when you Go Orange. This ad-free experience offers more features, more stats, and more fun while also helping to support Sporcle. Thank you for becoming a member.

You're not logged in!

Compare scores with friends on all Sporcle quizzes.
OR
Log In

Show Comments

Extras

Top Quizzes Today


Score Distribution

Your Account Isn't Verified!

In order to create a playlist on Sporcle, you need to verify the email address you used during registration. Go to your Sporcle Settings to finish the process.

Report this User

Report this user for behavior that violates our Community Guidelines.

Details: